Pasporillatha Parithan (Record no. 474750)

MARC details
000 -LEADER
fixed length control field 00594nam a2200229Ia 4500
003 - CONTROL NUMBER IDENTIFIER
control field OSt
005 - DATE AND TIME OF LATEST TRANSACTION
control field 20220924153754.0
008 - FIXED-LENGTH DATA ELEMENTS--GENERAL INFORMATION
fixed length control field 220923b |||||||| |||| 00| 0 rum d
037 ## - SOURCE OF ACQUISITION
Terms of availability Textual
040 ## - CATALOGING SOURCE
Original cataloging agency ARTS
Transcribing agency ARTS
Language of cataloging rum
041 ## - LANGUAGE CODE
Source of code rum
Language code of text/sound track or separate title rum
100 ## - MAIN ENTRY--PERSONAL NAME
Personal name Tolstoy Au.
9 (RLIN) 181025
245 #0 - TITLE STATEMENT
Title Pasporillatha Parithan
260 ## - PUBLICATION, DISTRIBUTION, ETC.
Date of publication, distribution, etc. 1960
650 ## - SUBJECT ADDED ENTRY--TOPICAL TERM
Topical term or geographic name entry element RUSSIAN LITERATURE
9 (RLIN) 15056
942 ## - ADDED ENTRY ELEMENTS (KOHA)
Classification part O142,3M28,18, 32K0
Koha item type Textual
Source of classification or shelving scheme Colon Classification (CC)
Holdings
Withdrawn status Lost status Damaged status Not for loan Home library Current library Date acquired Total Checkouts Full call number Barcode Date last seen Price effective from Koha item type Public note
        Arts Library Arts Library 2022-09-24   O142,3M28,18 32K0 CL0194066 2022-09-24 2022-09-24 Textual Tranlstated from Russian to Malayalam.
Copyright @ Delhi University Library System